Mario Characters - Statistics

General Stats
  • This quiz has been taken 144 times
  • The average score is 14 of 22
Answer Stats
Hint Answer % Correct
Super ----- Bros. Mario
99%
Princess Peach
97%
's Haunted Mansion Luigi
96%
King Koopa Bowser
90%
Opposite of Mario Wario
88%
Luigi's Girlfriend Daisy
81%
Evil Spinning Shell Koopa
76%
Son of King Koopa Bowser Jr.
73%
Captain Toad
71%
Brown Waddling Thingies Goomba
68%
"It's on Like -" Donkey Kong
64%
There Shy Shy Guy
62%
Sidekick to Above Diddy Kong
59%
Sister of Captain Toadette
56%
Saves You in Mario Kart Lakitu
55%
Green Shell Yoshi
53%
Beware of Dog! Chain Chomp
47%
Daughter of Luigi Rosalina
40%
Evil Toothy Weed Piranha Plant
39%
GF of Green Shell Birdo
36%
Opposite of Luigi Walugi
12%
Shoots Fire at You Fire Flower
4%
No matching quizzes found
Score Distribution
Percent of People with Each Score
Percentile by Number Answered
Your Score History
You have not taken this quiz